[Event "CRO Cup"]
[Site "Vodice"]
[Date "2022.05.20"]
[Round "4.3"]
[White "Zelcic, Robert"]
[Black "Saric, Luka"]
[Result "1-0"]
[WhiteElo "2497"]
[BlackElo "2169"]
[PlyCount "89"]
[EventDate "2022.05.18"]
[EventType "team-swiss"]
[EventRounds "6"]
[EventCountry "CRO"]
[SourceTitle "CBM 208 Extra"]
[Source "ChessBase"]
[SourceDate "2022.07.31"]
[SourceVersion "1"]
[SourceVersionDate "2022.07.31"]
[SourceQuality "1"]
[WhiteTeam "Zagreb Zagreb"]
[BlackTeam "Split Mornar"]
[WhiteTeamCountry "CRO"]
[BlackTeamCountry "CRO"]

1. e4 c5 2. Nf3 e6 3. d4 cxd4 4. Nxd4 a6 5. c4 Nf6 6. Nc3 Qc7 7. Bd3 Nc6 8. Nde2 Ne5 9. Bf4 d6 10. Rc1 b6 11. 0-0 Be7 12. h3 0-0 13. Bb1 Bb7 14. Bg3 Ned7 15. Nd4 Rac8 16. b3 Qb8 17. Qe2 Qa8 18. Rfd1 Rfe8 19. Nf3 Nc5 20. Re1 d5 21. cxd5 exd5 22. e5 Nfe4 23. Nxe4 dxe4 24. Nd4 Nd3 25. Rxc8 Rxc8 26. Rd1 g6 27. Nc2 Rc5 28. b4 Rd5 29. Ne3 Rb5 30. a3 Bg5 31. h4 Bxe3 32. Qxe3 Nxe5 33. a4 Nc4 34. Qc3 Rd5 35. Re1 b5 36. Bxe4 Rd8 37. Bxb7 Qxb7 38. h5 gxh5 39. Qf6 Rc8 40. Qg5+ Kf8 41. Qxh5 Kg8 42. Qg5+ Kf8 43. Qf5 Kg8 44. Bh4 Qc6 45. Bf6 1-0

[Event "Zadar op-B 25th"]
[Site "Zadar"]
[Date "2018.12.17"]
[Round "4"]
[White "Rozic, Slaven"]
[Black "Saric, Luka"]
[Result "1-0"]
[WhiteElo "2079"]
[BlackElo "2146"]
[PlyCount "103"]
[EventDate "2018.12.15"]
[EventType "swiss"]
[EventRounds "9"]
[EventCountry "CRO"]
[SourceTitle "CBM 188 Extra"]
[Source "ChessBase"]
[SourceDate "2019.02.26"]
[SourceVersion "1"]
[SourceVersionDate "2019.02.26"]
[SourceQuality "1"]

1. d4 d5 2. Nf3 Nf6 3. e3 Bf5 4. Be2 h6 5. 0-0 e6 6. b3 c6 7. Ne5 Bd6 8. Bb2 0-0 9. Nd2 Ne4 10. f3 Nxd2 11. Qxd2 Nd7 12. Nd3 Qc7 13. f4 Be4 14. a4 Rac8 15. c4 c5 16. Nf2 Bh7 17. Rac1 dxc4 18. Bxc4 Rfd8 19. dxc5 Bf8 20. Qe1 a5 21. Ng4 Bf5 22. Qg3 Bxg4 23. Qxg4 Qxc5 24. f5 Qxe3+ 25. Kh1 e5 26. f6 Qg5 27. Qh3 Nb6 28. fxg7 Bxg7 29. Bxf7+ Kh8 30. Rxc8 Rxc8 31. Qe6 Qe3 32. Bh5 Qc5 33. Bf3 Rf8 34. h3 Nc8 35. Rc1 Qb6 36. Qxc8 Qxb3 37. Qc2 Qe3 38. Qe2 Qf4 39. Rc4 Qf6 40. Re4 Re8 41. Qb5 Re7 42. Qxa5 Qc6 43. Qc3 Qb6 44. Qc8+ Kh7 45. Qf5+ Kg8 46. Bc3 Qd6 47. Bb4 Qe6 48. Qxe6+ Rxe6 49. Rc4 Ra6 50. a5 Ra7 51. Rc8+ Kf7 52. Rc7+ 1-0

[Event "CRO-ch U19"]
[Site "Vinkovci"]
[Date "2017.07.29"]
[Round "8"]
[White "Udovicic, Dominik"]
[Black "Saric, Luka"]
[Result "1-0"]
[WhiteElo "1823"]
[BlackElo "2110"]
[PlyCount "51"]
[EventDate "2017.07.24"]
[EventType "swiss"]
[EventRounds "9"]
[EventCountry "CRO"]
[SourceTitle "EXT 2018"]
[Source "ChessBase"]
[SourceDate "2017.10.13"]
[SourceVersion "1"]
[SourceVersionDate "2017.10.13"]
[SourceQuality "1"]

1. e4 c5 2. Nc3 e6 3. Bc4 Nc6 4. f4 Nf6 5. e5 Ng8 6. Nf3 d6 7. exd6 Bxd6 8. d3 Nf6 9. 0-0 0-0 10. Ne4 Be7 11. Qe1 b6 12. c3 Bb7 13. Qe2 Qc7 14. Bd2 Rad8 15. Rad1 a6 16. Bb3 Rd7 17. Bc1 Rfd8 18. f5 e5 19. Nfg5 Rf8 20. Nxf6+ Bxf6 21. Qh5 h6 22. Ne4 Qd8 23. Bxh6 gxh6 24. Qg6+ Kh8 25. Qxh6+ Kg8 26. Nxf6+ 1-0

[Event "CRO-ch U19"]
[Site "Vinkovci"]
[Date "2017.07.25"]
[Round "3"]
[White "Saric, Luka"]
[Black "Toplak, Juraj"]
[Result "0-1"]
[WhiteElo "2110"]
[BlackElo "2032"]
[PlyCount "94"]
[EventDate "2017.07.24"]
[EventType "swiss"]
[EventRounds "9"]
[EventCountry "CRO"]
[SourceTitle "EXT 2018"]
[Source "ChessBase"]
[SourceDate "2017.10.13"]
[SourceVersion "1"]
[SourceVersionDate "2017.10.13"]
[SourceQuality "1"]

1. Nf3 Nf6 2. c4 e6 3. g3 d5 4. Bg2 Bd6 5. 0-0 0-0 6. d4 b6 7. cxd5 exd5 8. Nc3 Bb7 9. Nb5 Be7 10. Bf4 Na6 11. Rc1 c6 12. Nc3 Nc7 13. Ne5 Ne6 14. Qa4 b5 15. Qd1 Nxf4 16. gxf4 Nd7 17. Nd3 Qb6 18. e3 Rfd8 19. Qc2 a5 20. Nb1 b4 21. Rfd1 Rac8 22. Nd2 c5 23. dxc5 Nxc5 24. Ne5 Ne4 25. Qb1 Rxc1 26. Qxc1 Nxf2 27. Kxf2 Bh4+ 28. Kg1 Qxe3+ 29. Kh1 Rc8 30. Ndc4 Qc5 31. Qe3 dxc4 32. Qxc5 Bxg2+ 33. Kxg2 Rxc5 34. Rc1 c3 35. bxc3 Rxc3 36. Rxc3 bxc3 37. Kf1 Bf6 38. Nd3 Bd4 39. Ke2 f5 40. Ne1 Kf7 41. Kd3 Bf6 42. Kc4 Ke6 43. Kc5 h6 44. Kb5 Kd5 45. Kxa5 Kc4 46. Ka6 Be7 47. Nc2 Bd6 0-1

[Event "CRO-ch U19"]
[Site "Vinkovci"]
[Date "2016.07.30"]
[Round "8"]
[White "Saric, Luka"]
[Black "Bosnjak, Petar"]
[Result "1-0"]
[WhiteElo "2043"]
[BlackElo "2311"]
[PlyCount "103"]
[EventDate "2016.07.25"]
[EventType "swiss"]
[EventRounds "9"]
[EventCountry "CRO"]
[SourceTitle "CBM 173 Extra"]
[Source "ChessBase"]
[SourceDate "2016.08.29"]
[SourceVersion "1"]
[SourceVersionDate "2016.08.29"]
[SourceQuality "1"]

1. Nf3 Nf6 2. c4 b6 3. g3 Bb7 4. Bg2 g6 5. b3 Bg7 6. Bb2 0-0 7. 0-0 d6 8. Nc3 Nbd7 9. d4 Ne4 10. Rc1 Nxc3 11. Bxc3 e6 12. e3 Qe7 13. Qe2 f5 14. Ne1 Bxg2 15. Nxg2 e5 16. d5 g5 17. f3 e4 18. f4 h6 19. Qb2 Bxc3 20. Qxc3 Rf6 21. Rc2 Kh7 22. Rcf2 Raf8 23. Ne1 gxf4 24. Rxf4 Ne5 25. Qd2 Qf7 26. Qe2 b5 27. h3 bxc4 28. bxc4 Qg7 29. Kh2 R6f7 30. Qc2 Ng6 31. R4f2 Qe5 32. Ng2 Rb8 33. Nf4 Nxf4 34. gxf4 Qf6 35. Rg1 Rg7 36. Rxg7+ Qxg7 37. Rg2 Qf6 38. Qa4 Qd8 39. Qxa7 Rb6 40. Qa3 Qf6 41. c5 dxc5 42. Qxc5 Qd6 43. Qc3 Qe7 44. a4 Rd6 45. a5 Ra6 46. Qa1 Qf7 47. Qc3 Qe7 48. Qc4 Qd6 49. Qb3 Ra8 50. Qb7 Qd8 51. Qc6 Qe8 52. Qxc7+ 1-0

[Event "CRO-ch U19"]
[Site "Vinkovci"]
[Date "2016.07.28"]
[Round "6"]
[White "Krsnik Cohar, Ivan Vihor"]
[Black "Saric, Luka"]
[Result "1-0"]
[WhiteElo "2340"]
[BlackElo "2043"]
[PlyCount "105"]
[EventDate "2016.07.25"]
[EventType "swiss"]
[EventRounds "9"]
[EventCountry "CRO"]
[SourceTitle "CBM 173 Extra"]
[Source "ChessBase"]
[SourceDate "2016.08.29"]
[SourceVersion "1"]
[SourceVersionDate "2016.08.29"]
[SourceQuality "1"]

1. d4 d5 2. Bg5 Nf6 3. e3 Ne4 4. Bf4 Bf5 5. Nd2 Nxd2 6. Qxd2 e6 7. Bd3 Bxd3 8. Qxd3 c6 9. Nf3 Bd6 10. 0-0 0-0 11. Bxd6 Qxd6 12. e4 dxe4 13. Qxe4 Nd7 14. c4 Nf6 15. Qe2 Rfd8 16. a3 a5 17. Rfd1 a4 18. Rac1 Qc7 19. h3 Qa5 20. c5 Qc7 21. Ne5 h6 22. Rc4 Nd5 23. Qc2 Qa5 24. Rd3 Qe1+ 25. Kh2 Qe4 26. Rf3 Qxc2 27. Rxc2 f6 28. Nc4 Kf7 29. Nd6+ Rxd6 30. cxd6 Ke8 31. b3 Kd7 32. b4 Kxd6 33. Rd3 g5 34. Rd1 b5 35. Rdc1 Rc8 36. Rc5 Rc7 37. g3 Ne7 38. Kg2 Nf5 39. Rd1 Rg7 40. Kf3 Rc7 41. Kg4 Ng7 42. f4 f5+ 43. Kf3 gxf4 44. gxf4 h5 45. Rg1 Re7 46. Rg6 Rf7 47. Rh6 Rb7 48. Rh7 Rf7 49. Rc1 Re7 50. Kg3 Rd7 51. Kh4 Re7 52. Kg5 Ne8 53. Rxe7 1-0

[Event "CRO-chT U20 25th"]
[Site "Sv Filip i Jakov"]
[Date "2016.03.25"]
[Round "7.5"]
[White "Paradzik, Berislav"]
[Black "Saric, Luka"]
[Result "0-1"]
[WhiteElo "1888"]
[BlackElo "2038"]
[PlyCount "42"]
[EventDate "2016.03.21"]
[EventType "team-tourn"]
[EventRounds "9"]
[EventCountry "CRO"]
[SourceTitle "CBM 171 Extra"]
[Source "ChessBase"]
[SourceDate "2016.04.26"]
[SourceVersion "1"]
[SourceVersionDate "2016.04.26"]
[SourceQuality "1"]

1. d4 d5 2. Nf3 Nf6 3. Bf4 c5 4. c3 Nc6 5. e3 Qb6 6. Qb3 c4 7. Qxb6 axb6 8. Nbd2 Bf5 9. a3 b5 10. Rd1 h6 11. h3 e6 12. g4 Bh7 13. Rg1 Nd7 14. Ne5 Nb6 15. Nxc6 bxc6 16. Nf3 Na4 17. Rd2 f6 18. Kd1 Bxa3 19. Kc1 Nxc3 20. bxa3 Rxa3 21. Bd6 Ra6 0-1

[Event "Bosnjaci op 21st"]
[Site "Bosnjaci"]
[Date "2016.01.06"]
[Round "5"]
[White "Sale, Srdjan"]
[Black "Saric, Luka"]
[Result "1-0"]
[WhiteElo "2408"]
[BlackElo "2067"]
[PlyCount "95"]
[EventDate "2016.01.03"]
[EventType "swiss"]
[EventRounds "9"]
[EventCountry "CRO"]
[SourceTitle "CBM 170 Extra"]
[Source "ChessBase"]
[SourceDate "2016.02.25"]
[SourceVersion "1"]
[SourceVersionDate "2016.02.25"]
[SourceQuality "1"]

1. Nf3 d5 2. g3 Nc6 3. Bg2 Bg4 4. c4 e6 5. 0-0 Bxf3 6. Bxf3 Ne5 7. Qb3 Nxf3+ 8. Qxf3 Qd7 9. cxd5 exd5 10. b3 0-0-0 11. Bb2 Kb8 12. d3 h5 13. h4 f6 14. Nc3 c6 15. e4 Nh6 16. exd5 cxd5 17. Rac1 Nf7 18. Na4 d4 19. Rc4 Ne5 20. Qf4 Bd6 21. Rxd4 Qh3 22. Rxd6 Rxd6 23. Bxe5 fxe5 24. Qxe5 Qe6 25. Qxg7 Rg8 26. Qh7 Qg4 27. Nc5 Qg7 28. Qxg7 Rxg7 29. Re1 Rf7 30. Re5 b6 31. Ne4 Rxd3 32. Rxh5 Re7 33. Rh8+ Kc7 34. Ng5 Rd2 35. h5 Ree2 36. Rf8 Re5 37. Rg8 Rdd5 38. h6 Rxg5 39. h7 Rh5 40. h8Q Rxh8 41. Rxh8 Rd2 42. Rh7+ Kb8 43. Kg2 Rxa2 44. g4 Rd2 45. g5 Rd4 46. Kg3 Rd3+ 47. f3 Rxb3 48. g6 1-0

[Event "Adriatic U20 op"]
[Site "Split"]
[Date "2015.08.27"]
[Round "3"]
[White "Hladnic, Emanuel"]
[Black "Saric, Luka"]
[Result "1-0"]
[WhiteElo "2008"]
[BlackElo "1955"]
[PlyCount "117"]
[EventDate "2015.08.25"]
[EventType "swiss"]
[EventRounds "9"]
[EventCountry "CRO"]
[SourceTitle "EXT 2016"]
[Source "ChessBase"]
[SourceDate "2015.10.08"]
[SourceVersion "1"]
[SourceVersionDate "2015.10.08"]
[SourceQuality "1"]

1. Nf3 c5 2. g3 Nc6 3. Bg2 g6 4. d4 cxd4 5. Nxd4 Bg7 6. Nxc6 bxc6 7. c4 Qa5+ 8. Qd2 Qc5 9. Qc2 Ba6 10. Nd2 Rb8 11. 0-0 Nf6 12. Rb1 0-0 13. b4 Qb6 14. c5 Qc7 15. Nc4 Nd5 16. Bd2 Bxc4 17. Qxc4 Qe5 18. Rb3 Qd4 19. Qxd4 Bxd4 20. Bxd5 cxd5 21. Rd3 Bf6 22. Rxd5 Rb7 23. Rd1 e6 24. Rd3 Rd8 25. Bh6 d5 26. Bd2 Rc8 27. Rc1 a6 28. Rb3 Be7 29. Rbb1 Kf8 30. a4 Ke8 31. c6 Rbb8 32. b5 axb5 33. axb5 Bd8 34. Bf4 Rb6 35. Be3 Ke7 36. Bc5+ Ke8 37. Bxb6 Bxb6 38. Kg2 Kd8 39. Ra1 Kc7 40. Rd1 Bc5 41. Rac1 Kb6 42. Rb1 Ra8 43. Rdc1 h5 44. Rc2 Bd6 45. e3 Ra5 46. Kf3 g5 47. h3 f6 48. Ke2 Bc7 49. Rcb2 f5 50. f4 g4 51. hxg4 hxg4 52. Rh1 Rxb5 53. Rxb5+ Kxb5 54. Rh6 e5 55. Rf6 d4 56. fxe5 dxe3 57. Kxe3 Kc5 58. Kf4 Kd5 59. Rxf5 1-0

[Event "Adriatic U20 op"]
[Site "Split"]
[Date "2015.08.26"]
[Round "2"]
[White "Saric, Luka"]
[Black "Sokac, Marko"]
[Result "1/2-1/2"]
[WhiteElo "1955"]
[BlackElo "2294"]
[PlyCount "91"]
[EventDate "2015.08.25"]
[EventType "swiss"]
[EventRounds "9"]
[EventCountry "CRO"]
[SourceTitle "EXT 2016"]
[Source "ChessBase"]
[SourceDate "2015.10.08"]
[SourceVersion "1"]
[SourceVersionDate "2015.10.08"]
[SourceQuality "1"]

1. Nf3 Nf6 2. c4 c5 3. Nc3 g6 4. d4 cxd4 5. Nxd4 Bg7 6. e4 d6 7. Be2 Nc6 8. Be3 0-0 9. 0-0 Nxd4 10. Bxd4 Be6 11. Qd2 Qa5 12. Rfd1 Rfc8 13. Nd5 Qxd2 14. Rxd2 Bxd5 15. Bxf6 Bxf6 16. exd5 a5 17. a4 Kf8 18. Rad1 Ke8 19. Bd3 Kd8 20. b3 Kc7 21. Kf1 Kb6 22. Ke2 Kc5 23. Bc2 Kb4 24. Rd3 h5 25. Rf3 h4 26. Rdd3 Rh8 27. h3 Rh5 28. Rf4 Re5+ 29. Kf3 Re1 30. Rd1 Rxd1 31. Bxd1 Kc3 32. Ke2 b6 33. Rf3+ Kb4 34. Kd3 Rf8 35. Rf4 Kc5 36. Re4 g5 37. f4 Rg8 38. f5 Be5 39. Bh5 Rf8 40. Bg4 Rh8 41. Re2 Ra8 42. Re4 f6 43. Bf3 Ra7 44. Kc2 Bd4 45. Kd3 Be5 46. Re2 1/2-1/2

[Event "CRO-ch U17"]
[Site "Krapinske Toplice"]
[Date "2015.07.30"]
[Round "8"]
[White "Saric, Luka"]
[Black "Zadravec, Matija"]
[Result "0-1"]
[WhiteElo "1955"]
[BlackElo "1908"]
[PlyCount "76"]
[EventDate "2015.07.25"]
[EventType "swiss"]
[EventRounds "9"]
[EventCountry "CRO"]
[SourceTitle "CBM 167 Extra"]
[Source "ChessBase"]
[SourceDate "2015.09.14"]
[SourceVersion "1"]
[SourceVersionDate "2015.09.14"]
[SourceQuality "1"]

1. Nf3 Nf6 2. c4 g6 3. Nc3 c5 4. e4 Nc6 5. d4 cxd4 6. Nxd4 Nxd4 7. Qxd4 d6 8. Be3 Bg7 9. f3 0-0 10. Qd2 Be6 11. Be2 Qa5 12. Rc1 Rfc8 13. b3 a6 14. 0-0 b5 15. f4 b4 16. Nd5 Bxd5 17. exd5 Ne4 18. Qd3 Nc3 19. Rc2 Nxa2 20. f5 Nc3 21. Bg4 Rf8 22. fxg6 fxg6 23. Be6+ Kh8 24. Rcf2 Rxf2 25. Rxf2 Qa1+ 26. Rf1 Qb2 27. Kh1 Bf6 28. g4 Be5 29. Rf2 Qxb3 30. Bd4 Qd1+ 31. Qxd1 Nxd1 32. Bxe5+ dxe5 33. Rd2 Nc3 34. Rb2 Rb8 35. c5 Na4 36. d6 exd6 37. Rxb4 Rxb4 38. c6 Rb1+ 0-1

[Event "CRO-ch U17"]
[Site "Krapinske Toplice"]
[Date "2015.07.29"]
[Round "7"]
[White "Safar, Sandro"]
[Black "Saric, Luka"]
[Result "1/2-1/2"]
[WhiteElo "1881"]
[BlackElo "1955"]
[PlyCount "80"]
[EventDate "2015.07.25"]
[EventType "swiss"]
[EventRounds "9"]
[EventCountry "CRO"]
[SourceTitle "CBM 167 Extra"]
[Source "ChessBase"]
[SourceDate "2015.09.14"]
[SourceVersion "1"]
[SourceVersionDate "2015.09.14"]
[SourceQuality "1"]

1. e4 d5 2. exd5 Nf6 3. Nc3 Nxd5 4. Bc4 Nxc3 5. bxc3 c5 6. Nf3 g6 7. Ne5 e6 8. Qf3 Qc7 9. Bb5+ Nc6 10. Bxc6+ bxc6 11. Nxf7 Rg8 12. 0-0 Be7 13. Ne5 Bd6 14. Qxc6+ Qxc6 15. Nxc6 Kd7 16. Na5 Ba6 17. d3 Rab8 18. Rd1 Rb6 19. Be3 Rb2 20. Rdc1 Rgb8 21. Nb3 Kc6 22. c4 Rb4 23. Bd2 Ra4 24. a3 Be5 25. f4 Bg7 26. Kf2 Bc8 27. h3 Ra6 28. Be3 Bf8 29. g4 Rb6 30. Kf3 Be7 31. a4 Bf8 32. a5 Rb7 33. Nd2 Rf7 34. d4 g5 35. d5+ exd5 36. cxd5+ Kxd5 37. f5 h6 38. c4+ Ke5 39. Rab1 Ra2 40. Ra1 Rb2 1/2-1/2

[Event "CRO-ch U17"]
[Site "Krapinske Toplice"]
[Date "2015.07.28"]
[Round "6"]
[White "Saric, Luka"]
[Black "Vojak, Daniel"]
[Result "0-1"]
[WhiteElo "1955"]
[BlackElo "2102"]
[PlyCount "92"]
[EventDate "2015.07.25"]
[EventType "swiss"]
[EventRounds "9"]
[EventCountry "CRO"]
[SourceTitle "CBM 167 Extra"]
[Source "ChessBase"]
[SourceDate "2015.09.14"]
[SourceVersion "1"]
[SourceVersionDate "2015.09.14"]
[SourceQuality "1"]

1. Nf3 Nf6 2. c4 g6 3. Nc3 Bg7 4. e4 d6 5. Be2 c5 6. d4 0-0 7. 0-0 Bg4 8. d5 b5 9. cxb5 a6 10. Nd2 Bxe2 11. Qxe2 axb5 12. Qxb5 Nbd7 13. f4 Qb8 14. Qe2 Ne8 15. Nc4 Nb6 16. Nxb6 Qxb6 17. e5 Nc7 18. Kh1 Qa6 19. Re1 Qxe2 20. Rxe2 dxe5 21. fxe5 Rfd8 22. Bf4 Nxd5 23. Nxd5 Rxd5 24. b3 f5 25. exf6 Bxf6 26. Rc1 Rd4 27. g3 Rc8 28. Rec2 Re4 29. Kg2 g5 30. Kf3 Re6 31. Bd2 Rf8 32. Kg4 Re4+ 33. Kh5 Bd4 34. Bxg5 Rf5 35. h4 Kg7 36. g4 Rd5 37. Rf1 h6 38. Rf5 Rxf5 39. gxf5 hxg5 40. hxg5 Rf4 41. f6+ exf6 42. gxf6+ Kxf6 43. Rg2 Ke5 44. Rc2 Rf2 45. Rc4 Rxa2 46. b4 Kd5 0-1

[Event "CRO-ch U17"]
[Site "Krapinske Toplice"]
[Date "2015.07.26"]
[Round "2"]
[White "Saric, Luka"]
[Black "Mainenti, Kevin"]
[Result "1/2-1/2"]
[WhiteElo "1955"]
[BlackElo "1955"]
[PlyCount "45"]
[EventDate "2015.07.25"]
[EventType "swiss"]
[EventRounds "9"]
[EventCountry "CRO"]
[SourceTitle "CBM 167 Extra"]
[Source "ChessBase"]
[SourceDate "2015.09.14"]
[SourceVersion "1"]
[SourceVersionDate "2015.09.14"]
[SourceQuality "1"]

1. Nf3 d5 2. c4 c6 3. d4 Nf6 4. Qc2 e6 5. g3 Bd6 6. Bg2 Ne4 7. b3 0-0 8. 0-0 f5 9. Ba3 Bxa3 10. Nxa3 Qd6 11. c5 Qc7 12. Nd2 Nd7 13. f3 Nxd2 14. Qxd2 f4 15. gxf4 Rxf4 16. e3 Rh4 17. f4 Nf6 18. Nc2 Bd7 19. Ne1 Be8 20. Nf3 Rh6 21. Ne5 Bg6 22. Qe2 Rf8 23. h3 1/2-1/2